000 00862cab a2200217 4500
001 WB3230-43
008 090401t1996 xxu||||| |||| 00| 0 eng d
035 _a(Sirsi) u64635
041 _aeng
245 _aAir conditioning essential
260 _c1996
350 _a0
490 _aWestern Mail
_v31 July 1996, B8-9(1)
520 _aHotter summers in Britain have led to a high demand for air conditioning in new office blocks throughout the country - a trend previously only seen in the London area.
650 _aBUILT ENVIRONMENT-BUILDING ELEMENTS-COMPLETE BUILDING SERVICES ELEMENTS-COMPLETE HEATING, VENTILATION AND AIR CONDITIONING SYSTEMS
650 _aPROPERTY-COMMERCIAL PROPERTY-OFFICE PROPERTY-OFFICE PROPERTY MARKET
650 _aPROPERTY INVESTMENT
690 _aOFFICE SERVICES AND ADMINISTRATION
942 _n0
948 _c04/03/1997
999 _c40264
_d40264